=LDR 00000nam 2200000 4500 =001 INLIS000000000021150 =005 20130612120032 =008 ***********************************Ind** =035 ##$$0010-061300000021150 =041 ##$$a Ind =082 ##$$a 2x7.42 =090 ##$$a 2x7.42, San l =100 ##$$a Sani, Abdul =245 ##$$a Perkembangan modern dalam islam, Drs. Abdul Sani =260 ##$$a 1998 $b Jakarta =300 ##$$a xvi, 302 hlm, 21 cm =650 ##$$a Islam-Perkembangan =850 ##$$a NBPNMAT